| 000 | 00725cam a2200205 a 4500 | ||
|---|---|---|---|
| 001 | 000001115 | ||
| 005 | 20200929145459.0 | ||
| 008 | 720202s1971 xxua 000 0 eng | ||
| 040 |
_aDO-SdBNP _bspa _cBNPHU |
||
| 082 |
_a428.24 _bF533b |
||
| 100 | 1 |
_aFisher, Isobel Yealy _93821 |
|
| 245 | 1 | 0 |
_aBeginning lessons in english / _cIsobel Yealy Fisher y Robert J. Dixson. |
| 260 |
_aUnited States : _bRegents Publishing, _c1971. |
||
| 300 |
_a197 p. : _bil. ; _c22 cm. |
||
| 650 | 4 |
_aInglés _xGramática _93822 |
|
| 650 | 4 |
_aInglés _xEjercicios de redacción _93823 |
|
| 650 | 4 |
_aLingüística _zEstados Unidos _xGramática _93824 |
|
| 650 | 4 |
_aLingüística _xProblemas, ejercicios, etc. _93825 |
|
| 700 | 1 |
_aDixson, Robert James _93826 |
|
| 999 |
_c1073 _d1073 |
||